000 00602nam a2200253Ia 4500
005 20260121155941.0
008 008 260114s9999 xx 000 0 eng d
020 _a9781351053655
037 _aEBOOK
040 _aCRL
040 _beng
040 _cCRL
041 _2eng
041 _aeng
084 _qCRL
100 _a Thomas Barker
_91025863
245 4 _aThe Outlaw Biker Legacy of Violence
260 _bTaylor and Francis
260 _c2018
856 _uhttp://www.taylorfrancis.com/books/9781351053655
942 _cEBOOK
999 _c1592682
_d1592682